| 000 | 01321nam a2200397 i 4500 | ||
|---|---|---|---|
| 001 | 194085 | ||
| 003 | SpMaBN | ||
| 005 | 20250812014146.0 | ||
| 007 | ta | ||
| 008 | 240410s2008 sp a | |||| 001 0 spa | ||
| 017 |
_aB 24092-2008 _bOficina Depósito Legal Barcelona |
||
| 020 | _a9788489846715 | ||
| 035 | _a(OCoLC)433870866 | ||
| 035 | _aa4320927 | ||
| 040 |
_aSpMaBN _bspa _cSpMaBN _erdc _dES-MaACL |
||
| 080 | _a792.028 | ||
| 100 |
_aChejov, Mijail, _d1891-1955 _0XX888723 _9235721 |
||
| 245 | 1 | 0 |
_aSobre la técnica de la actuación / _cMichael Chejov ; [traducción, Antonio Fernández Lera]. |
| 250 | _a4ª ed. | ||
| 260 |
_aBarcelona : _bAlba, _c2008. |
||
| 300 |
_a322, [15] p. de lám. ; _c22 cm |
||
| 336 |
_2rdacontent _atexto |
||
| 337 |
_2rdamedia _asin mediación |
||
| 338 |
_2rdacarrier _avolumen |
||
| 490 | 1 | _aA artes escénicas | |
| 500 | _aTraducción de: On the technique of acting | ||
| 500 | _aÍndice | ||
| 650 | 7 |
_aArte dramático _2embne _910180 |
|
| 830 |
_9228857 _aArtes escénicas |
||
| 852 |
_aES-MaACL _cDEPO1 _jA-15327 _hDonación: Candela Arroyo _9201609 |
||
| 903 |
_9235711 _aArroyo, Candela _ednr |
||
| 942 |
_n0 _cMONOGRAFIA |
||
| 999 |
_c194085 _d194085 |
||